000 00834nam a22002057a 4500
003 OSt
005 20250319093536.0
008 250319b |||||||| |||| 00| 0 eng d
040 _aLB-BrCRDP
041 _aARA.
082 _aCRDP 370.956 92 M345 / 1988-1989
100 _aالمركز التربوي للبحوث والانماء
110 _aوزارة التربية الوطنية والفنون الجميلة. لبنان
245 _aالاحصاءات الاولية للتعليم العام العام الدراسي 1988-1989
260 _aبيروت
_bالمركز التربوي للبحوث والانماء
_c1989
300 _cسم. 24
650 _aالتربية والتعليم - الاحصاءات التربوية - لبنان
650 _aالاحصاء التربوي - لبنان
942 _2ddc
_cBK
999 _c24170
_d24170